Wykluczanie według kategorii - flagi państw - Statystyki

Ogólne statystyki
  • Ten quiz został rozwiązany 6 269 razy
  • Średni wynik to 13 z 20
Statystyki odpowiedzi
Grupa # Kategoria % Poprawnych
Zielony 96 Flagi państwowe, które posiadają zielony
99%
Zielony 65 ... które posiadają kolor biały na sobie
94%
Zieony 23 ... które nie są w Afryce i w Azji
92%
Pomarańczowy 63 Flagi państwowe zawierające czarny
91%
Niebieski 104 Flagi państwowe, które posiadają niebieski na fladze
91%
Zielony 10 ... które są co najmniej 33% zielone
89%
Fioletowy 153 Flagi państwowe zawierający czerwony
88%
Fioletowy 112 ... posiadające biały na nim
87%
Pomarańczowy 20 ... zawierający poziomy czarny pas
85%
Fioletowy 58 ... posiadające niebieski na nim
84%
Fioletowy 23 ... nie posiadają innych kolorów
80%
Niebieski 23 ... które nie zawierają białego
75%
Pomarańczowy 12 ... posiadają kolor zielony na nim
59%
Niebieski 11 ... posiadają czerwony pas na nim
43%
Zielony 1 ... z napisami na fladze Brazylia
43%
Pomarańczowy 5 ... które nie są w Afryce
42%
Niebieski 6 ... zawierają *insygnia
29%
Pomarańczowy 1 ... bez wyrazów i bez gwiazdek Zjednoczone Emiraty Arabskie
16%
Niebieski 1 ... które są w Azji Mongolia
14%
Fioletowy 1 ... z dokładnie dwiema gwiazdkami Panama
14%
Nie znaleziono quizów pasujących do podanych kryteriów
Rozkład punktacji
Procent ludzi z każdym wynikiem
Percentyl według liczby udzielonych odpowiedzi
Twoja historia wyników
Nie rozwiązałeś tego quizu